[Event "Titled Tuesday intern op 27th Aug Late"]
[Site "Chess.com INT"]
[Date "2024.08.27"]
[Round "11"]
[White "Norowitz, Yaacov"]
[Black "Zhitnikov, Konstantin"]
[Result "1/2-1/2"]
[WhiteElo "2402"]
[BlackElo "2271"]
[PlyCount "266"]
[EventDate "2024.08.27"]
[EventType "swiss (blitz)"]
[EventRounds "11"]
[EventCountry "USA"]
[SourceTitle "EXT 2025"]
[Source "ChessBase"]
[SourceDate "2024.10.14"]
[SourceVersion "1"]
[SourceVersionDate "2024.10.14"]
[SourceQuality "1"]

1. d4 d5 2. e3 Nf6 3. Bd3 c5 4. c3 cxd4 5. exd4 Nc6 6. Bf4 Bg4 7. Qb3 Qc8 8. Nd2 e6 9. Ngf3 Be7 10. Ne5 Bh5 11. 0-0 0-0 12. Rfe1 Nxe5 13. Bxe5 Bg6 14. Bf1 Ne4 15. Nxe4 Bxe4 16. Rac1 a6 17. c4 dxc4 18. Bxc4 Bc6 19. Qg3 g6 20. d5 exd5 21. Bxd5 Qd7 22. Bxc6 bxc6 23. Rcd1 Qf5 24. Bc3 Bf6 25. h3 Rfe8 26. Re3 Bxc3 27. Rxc3 Re2 28. Rb3 Rae8 29. Rc1 Qf6 30. Rcc3 Re1+ 31. Kh2 R8e2 32. Rf3 Qe5 33. Rb8+ Kg7 34. Rb7 Qxg3+ 35. Kxg3 Re7 36. Rb6 Rb1 37. b3 a5 38. Rxc6 Rb2 39. a4 Rb7 40. Rcc3 h5 41. h4 Rb1 42. Kh2 Rb4 43. g3 Rb7 44. Kg2 Rb2 45. Rc5 R7xb3 46. Rxb3 Rxb3 47. Rxa5 Ra3 48. Ra6 f6 49. Ra8 g5 50. Ra5 gxh4 51. gxh4 Kg6 52. f3 Rb3 53. Rb5 Ra3 54. Rb4 Kf5 55. Kg3 Ra2 56. Re4 Ra3 57. Rf4+ Kg6 58. Kf2 Ra2+ 59. Ke3 Ra3+ 60. Kd2 f5 61. Kc2 Kf6 62. Kb2 Rd3 63. Kc2 Re3 64. a5 Ra3 65. Rb4 Rxa5 66. f4 Rd5 67. Kc3 Kf7 68. Rb7+ Kf6 69. Rb6+ Kg7 70. Rb4 Rd1 71. Rb7+ Kg6 72. Rb6+ Kf7 73. Rh6 Kg7 74. Rxh5 Kg6 75. Rg5+ Kf6 76. h5 Rf1 77. Rg6+ Kf7 78. Kd4 Rxf4+ 79. Ke5 Rh4 80. Rg5 f4 81. Rf5+ Kg7 82. Ke6 f3 83. Rxf3 Rxh5 84. Rg3+ Kf8 85. Rb3 Rh6+ 86. Kf5 Ke7 87. Rb8 Rc6 88. Rb7+ Kd6 89. Ke4 Kc5 90. Rh7 Re6+ 91. Kd3 Rd6+ 92. Kc3 Kd5 93. Rh5+ Ke4 94. Rh4+ Ke3 95. Rh3+ Ke4 96. Rh1 Rc6+ 97. Kb4 Rb6+ 98. Kc4 Rf6 99. Rh2 Rf3 100. Re2+ Re3 101. Ra2 Kf3 102. Ra8 Re4+ 103. Kd3 Re3+ 104. Kd4 Re4+ 105. Kd5 Rf4 106. Rh8 Kg4 107. Ke5 Rf5+ 108. Ke4 Rf4+ 109. Ke3 Rf3+ 110. Ke2 Rf5 111. Rg8+ Kf4 112. Ra8 Re5+ 113. Kd3 Rd5+ 114. Kc4 Re5 115. Rf8+ Ke4 116. Rf7 Rf5 117. Rh7 Ke5 118. Rh1 Ke4 119. Re1+ Kf4 120. Kd4 Kg5 121. Ke4 Rf4+ 122. Ke5 Rf5+ 123. Ke6 Rf6+ 124. Ke7 Rf4 125. Rg1+ Kf5 126. Rg8 Rg4 127. Rf8+ Ke5 128. Ra8 Rg7+ 129. Kf8 Rh7 130. Kg8 Rd7 131. Ra5+ Rd5 132. Ra1 Kd6 133. Re1 Re5 1/2-1/2

[Event "Titled Tuesday intern op 27th Aug Late"]
[Site "Chess.com INT"]
[Date "2024.08.27"]
[Round "5"]
[White "Schulz, Karsten"]
[Black "Zhitnikov, Konstantin"]
[Result "0-1"]
[WhiteElo "2166"]
[BlackElo "2271"]
[PlyCount "78"]
[EventDate "2024.08.27"]
[EventType "swiss (blitz)"]
[EventRounds "11"]
[EventCountry "USA"]
[SourceTitle "EXT 2025"]
[Source "ChessBase"]
[SourceDate "2024.10.14"]
[SourceVersion "1"]
[SourceVersionDate "2024.10.14"]
[SourceQuality "1"]

1. Nf3 d5 2. c4 c6 3. g3 Nf6 4. Bg2 Bf5 5. cxd5 cxd5 6. Qb3 Qc8 7. Nc3 e6 8. 0-0 Nc6 9. d3 Qd7 10. Bf4 Rc8 11. Rfd1 Be7 12. Rac1 0-0 13. Ne5 Nxe5 14. Bxe5 Bg6 15. e4 Ng4 16. Bf4 d4 17. Ne2 e5 18. Bd2 Nf6 19. h3 Kh8 20. f4 Bh5 21. g4 Nxg4 22. hxg4 Bxg4 23. Bf1 Bf3 24. f5 g6 25. Rxc8 Rxc8 26. Qxf7 Rf8 27. Qe6 Qd8 28. Bh6 Rf6 29. Qxe5 Bd6 30. Qd5 gxf5 31. Qxd4 Bxe2 32. e5 Rg6+ 33. Bg2 Bxd1 34. exd6+ Qf6 35. Qxf6+ Rxf6 36. Bf4 Kg8 37. Be5 Rg6 38. Kf2 Ba4 39. Bd5+ Kf8 0-1

[Event "Titled Tuesday intern op 27th Aug Late"]
[Site "Chess.com INT"]
[Date "2024.08.27"]
[Round "3"]
[White "Zhitnikov, Konstantin"]
[Black "Andreikin, Dmitry"]
[Result "0-1"]
[WhiteElo "2271"]
[BlackElo "2729"]
[PlyCount "116"]
[EventDate "2024.08.27"]
[EventType "swiss (blitz)"]
[EventRounds "11"]
[EventCountry "USA"]
[SourceTitle "EXT 2025"]
[Source "ChessBase"]
[SourceDate "2024.10.14"]
[SourceVersion "1"]
[SourceVersionDate "2024.10.14"]
[SourceQuality "1"]

1. e4 c5 2. Nf3 Nc6 3. Bb5 Nf6 4. Nc3 Nd4 5. Bc4 d6 6. h3 a6 7. a4 e6 8. 0-0 Be7 9. d3 Nc6 10. Re1 0-0 11. e5 dxe5 12. Nxe5 Nxe5 13. Rxe5 b6 14. Re1 Bb7 15. Bf4 Qd7 16. Ne4 Rad8 17. Qe2 Nd5 18. Bh2 Nb4 19. Bb3 Nc6 20. Bc4 Nd4 21. Qd1 b5 22. axb5 axb5 23. Ba2 Qc6 24. c3 Nf5 25. Qe2 Rd7 26. Rad1 Rfd8 27. Bb1 h6 28. Bf4 b4 29. f3 bxc3 30. bxc3 Bh4 31. Rf1 Qb6 32. Kh2 Be7 33. Bc2 Ba6 34. Rb1 Qc6 35. Rfd1 Nd6 36. Qe1 Nf5 37. Qe2 Bf8 38. Rd2 Ne7 39. Bg3 Nd5 40. Bb3 Nb6 41. c4 Be7 42. Bf2 Qc7+ 43. Kg1 Bb7 44. Rbd1 Bxe4 45. dxe4 Bf6 46. Rxd7 Rxd7 47. Rxd7 Nxd7 48. Qd3 Ne5 49. Qd2 Qb6 50. Qc2 Nc6 51. Ba4 Nd4 52. Qd1 Qb4 53. Bb5 Nxb5 54. cxb5 Qxb5 55. Qc2 c4 56. Be1 Qb3 57. Qc1 c3 58. Kf2 c2 0-1

[Event "Titled Tuesday intern op 27th Aug Late"]
[Site "Chess.com INT"]
[Date "2024.08.27"]
[Round "7"]
[White "Zhitnikov, Konstantin"]
[Black "Coleman, Maxx W"]
[Result "1-0"]
[WhiteElo "2271"]
[BlackElo "2242"]
[PlyCount "67"]
[EventDate "2024.08.27"]
[EventType "swiss (blitz)"]
[EventRounds "11"]
[EventCountry "USA"]
[SourceTitle "EXT 2025"]
[Source "ChessBase"]
[SourceDate "2024.10.14"]
[SourceVersion "1"]
[SourceVersionDate "2024.10.14"]
[SourceQuality "1"]

1. e4 c5 2. Nf3 e6 3. c3 Qa5 4. Bc4 b5 5. Bb3 Bb7 6. Qe2 Nf6 7. e5 Nd5 8. 0-0 c4 9. Bc2 Nf4 10. Qe3 g5 11. Be4 Qc7 12. Nxg5 Ng6 13. Bxb7 Qxb7 14. Ne4 Be7 15. f4 Rg8 16. g3 Nh4 17. d4 cxd3 18. Qxd3 Nf5 19. Be3 h5 20. Bf2 h4 21. Nbd2 hxg3 22. hxg3 Na6 23. Nf3 Rb8 24. Rad1 Rc8 25. Nfg5 Rh8 26. Qf3 Qc6 27. Kg2 b4 28. Rh1 Rg8 29. g4 Ng7 30. Nf6+ Bxf6 31. exf6 Nf5 32. gxf5 bxc3 33. bxc3 Qc4 34. fxe6 1-0

[Event "Titled Tuesday intern op 4th Febr"]
[Site "Chess.com INT"]
[Date "2020.02.04"]
[Round "5"]
[White "Zhitnikov, Konstantin"]
[Black "Andrews, Todd D"]
[Result "1/2-1/2"]
[WhiteElo "2271"]
[BlackElo "2244"]
[PlyCount "129"]
[EventDate "2020.02.04"]
[EventType "swiss (blitz)"]
[EventRounds "10"]
[EventCountry "USA"]
[SourceTitle "EXT 2021"]
[Source "ChessBase"]
[SourceDate "2020.10.23"]
[SourceVersion "1"]
[SourceVersionDate "2020.10.23"]
[SourceQuality "1"]

1. e4 e6 2. d4 d5 3. Nd2 Nf6 4. e5 Nfd7 5. Bd3 c5 6. c3 Nc6 7. Ndf3 cxd4 8. cxd4 f6 9. exf6 Nxf6 10. Ne2 Qc7 11. 0-0 Bd6 12. Nc3 a6 13. Bg5 0-0 14. Re1 h6 15. Bh4 Nh5 16. Bg3 Nf4 17. Bb1 g5 18. Bxf4 Rxf4 19. Qd3 Qg7 20. Ne2 Rf8 21. Ng3 Nb4 22. Qd2 Rxf3 23. gxf3 Nc6 24. Qd3 Bd7 25. Bc2 Rf8 26. Rad1 Nb4 27. Qb3 Nxc2 28. Qxc2 Rxf3 29. Rd3 Qg6 30. Ree3 Rf4 31. Qd1 Bb5 32. Rc3 Bc6 33. Rcd3 g4 34. Qe1 Bd7 35. Ne2 Rf8 36. Ng3 h5 37. Nf1 h4 38. Rc3 Bb4 39. a3 Bxc3 40. Rxc3 Qf5 41. Re3 h3 42. Ng3 Qf4 43. Rc3 Bc6 44. Qe3 Qf6 45. Rc1 Rf7 46. Re1 Bd7 47. Nh5 Qh4 48. Ng3 Qf6 49. Nh5 Qf5 50. Ng3 Qg6 51. Qe5 Qc2 52. Qg5+ Kf8 53. Qd8+ Be8 54. Qd6+ Kg8 55. Rf1 Qd3 56. Qxe6 Qf3 57. Qxe8+ Kg7 58. Qe5+ Kg8 59. Qg5+ Kf8 60. Qd8+ Kg7 61. Qg5+ Kf8 62. Qd8+ Kg7 63. Qg5+ Kh7 64. Qh5+ Kg7 65. Qg5+ 1/2-1/2

[Event "Titled Tuesday intern op 4th Febr"]
[Site "Chess.com INT"]
[Date "2020.02.04"]
[Round "1"]
[White "Zhitnikov, Konstantin"]
[Black "Cun, Harry"]
[Result "1-0"]
[WhiteElo "2271"]
[BlackElo "2104"]
[PlyCount "117"]
[EventDate "2020.02.04"]
[EventType "swiss (blitz)"]
[EventRounds "10"]
[EventCountry "USA"]
[SourceTitle "EXT 2021"]
[Source "ChessBase"]
[SourceDate "2020.10.23"]
[SourceVersion "1"]
[SourceVersionDate "2020.10.23"]
[SourceQuality "1"]

1. e4 c6 2. d4 d5 3. Nd2 dxe4 4. Nxe4 Bf5 5. Ng3 Bg6 6. h4 h6 7. Nf3 Nf6 8. h5 Bh7 9. Bd3 Bxd3 10. Qxd3 e6 11. Bd2 Be7 12. 0-0-0 Nbd7 13. Qe2 0-0 14. Nf1 Nb6 15. g4 Qd5 16. Kb1 Qe4 17. Qxe4 Nxe4 18. Be1 Nd5 19. c4 Nf4 20. N3d2 Ng5 21. f3 c5 22. dxc5 Bxc5 23. Nb3 Rad8 24. Rxd8 Rxd8 25. Bd2 Bd6 26. Nh2 Ngh3 27. Kc2 Bc7 28. Be3 b6 29. Nd2 Ng5 30. Nhf1 e5 31. Bxf4 exf4 32. Rh2 Kf8 33. Re2 f6 34. b3 Kf7 35. Rf2 Be5 36. Ne4 Nxe4 37. fxe4 Rd4 38. Nd2 Ke6 39. Rf3 Rd6 40. Rd3 Rxd3 41. Kxd3 Kd6 42. Nf3 Kc5 43. a3 b5 44. b4+ Kc6 45. c5 a5 46. Nd4+ Kb7 47. Nxb5 axb4 48. axb4 Kc6 49. Nd4+ Kb7 50. Nf5 Ka6 51. Nxg7 Kb5 52. Nf5 Kxb4 53. c6 Kb5 54. Nxh6 Kxc6 55. Nf5 Kd7 56. h6 Ke6 57. h7 f3 58. h8Q f2 59. Qe8# 1-0

[Event "Titled Tuesday intern op 4th Febr"]
[Site "Chess.com INT"]
[Date "2020.02.04"]
[Round "8"]
[White "Zhitnikov, Konstantin"]
[Black "Starozhilov, Leonid"]
[Result "1-0"]
[WhiteElo "2271"]
[BlackElo "2318"]
[PlyCount "167"]
[EventDate "2020.02.04"]
[EventType "swiss (blitz)"]
[EventRounds "10"]
[EventCountry "USA"]
[SourceTitle "EXT 2021"]
[Source "ChessBase"]
[SourceDate "2020.10.23"]
[SourceVersion "1"]
[SourceVersionDate "2020.10.23"]
[SourceQuality "1"]

1. e4 g6 2. d4 Bg7 3. Nc3 d6 4. f4 Nf6 5. Nf3 0-0 6. Be3 c6 7. Qd2 b5 8. a3 a5 9. e5 Ne8 10. Be2 Ba6 11. 0-0 b4 12. axb4 axb4 13. Ne4 Bxe2 14. Qxe2 Nd7 15. Qd2 Rb8 16. h4 Nb6 17. h5 Nd5 18. hxg6 hxg6 19. f5 gxf5 20. Ng3 e6 21. Bh6 f6 22. Nh5 Qd7 23. exd6 Bxh6 24. Qxh6 Qh7 25. Qxh7+ Kxh7 26. d7 Nec7 27. Ra7 Rbd8 28. Rfa1 Kg6 29. Ng3 Rxd7 30. Ne2 Rfd8 31. Rb7 Nb5 32. Rxd7 Rxd7 33. Ra6 Ne7 34. c3 bxc3 35. bxc3 Nd6 36. Nf4+ Kf7 37. Nd3 Ne4 38. Ra3 Rb7 39. Nb4 Nxc3 40. Nxc6 Ne2+ 41. Kf2 Nxc6 42. Kxe2 Rb2+ 43. Kf1 Ke7 44. Ra6 Rc2 45. Ra8 Nb4 46. Ra7+ Kd6 47. Rf7 Nd5 48. Kg1 f4 49. Rg7 Ne3 50. Kh2 Rc1 51. Nd2 f5 52. Nf3 Rc2 53. Ne5 Kd5 54. Nf3 Ng4+ 55. Kh3 Ne3 56. Kh2 Nf1+ 57. Kh3 Nd2 58. Rd7+ Kc6 59. Ne5+ Kb5 60. Rb7+ Ka6 61. Re7 Ne4 62. Rxe6+ Kb5 63. Nf3 Rc1 64. Kh2 Rc2 65. Re5+ Kc6 66. Rxf5 Ng3 67. Rxf4 Ne2 68. Rf5 Kd7 69. Kh3 Ra2 70. g4 Ra3 71. Kh4 Ra8 72. g5 Nc3 73. Kg4 Ne4 74. Rf4 Nf2+ 75. Kg3 Nd3 76. Rf6 Ke7 77. Kg4 Nf2+ 78. Kf5 Nd3 79. Ne5 Nb4 80. Rf7+ Ke8 81. g6 Nd5 82. Rb7 Ne7+ 83. Kg5 Ra1 84. Rb8+ 1-0

[Event "Titled Tuesday intern op 6th Aug"]
[Site "Chess.com INT"]
[Date "2019.08.06"]
[Round "1"]
[White "Zhitnikov, Konstantin"]
[Black "Wu, Rochelle"]
[Result "1-0"]
[WhiteElo "2271"]
[BlackElo "2161"]
[PlyCount "49"]
[EventDate "2019.08.06"]
[EventType "swiss (blitz)"]
[EventRounds "10"]
[EventCountry "USA"]
[SourceTitle "EXT 2021"]
[Source "ChessBase"]
[SourceDate "2020.10.23"]
[SourceVersion "1"]
[SourceVersionDate "2020.10.23"]
[SourceQuality "1"]

1. e4 c5 2. Nf3 d6 3. Bb5+ Bd7 4. Bxd7+ Qxd7 5. c4 e5 6. 0-0 Nc6 7. Nc3 g6 8. d3 Bg7 9. Ne1 Nge7 10. Bg5 0-0 11. Bxe7 Nxe7 12. Nc2 f5 13. f3 Nc6 14. Nd5 Nd4 15. Nxd4 cxd4 16. b4 b6 17. Qb3 Kh8 18. b5 Qd8 19. a4 f4 20. a5 bxa5 21. Qa3 Rf7 22. Qxa5 Qxa5 23. Rxa5 Rd8 24. Rfa1 Rdd7 25. Nb4 1-0

[Event "Titled Tuesday intern op 2nd July"]
[Site "Chess.com INT"]
[Date "2019.07.02"]
[Round "1"]
[White "Christensen, Thomas"]
[Black "Zhitnikov, Konstantin"]
[Result "0-1"]
[WhiteElo "2197"]
[BlackElo "2271"]
[PlyCount "50"]
[EventDate "2019.07.02"]
[EventType "swiss (blitz)"]
[EventRounds "10"]
[EventCountry "USA"]
[SourceTitle "EXT 2021"]
[Source "ChessBase"]
[SourceDate "2020.10.23"]
[SourceVersion "1"]
[SourceVersionDate "2020.10.23"]
[SourceQuality "1"]

1. d4 Nf6 2. Nc3 d5 3. e4 Nxe4 4. Nxe4 dxe4 5. Bc4 e6 6. c3 c5 7. d5 Be7 8. dxe6 Qxd1+ 9. Kxd1 f5 10. Ne2 Nc6 11. Kc2 0-0 12. h4 Rd8 13. a4 Ne5 14. Ba2 b6 15. Bf4 Nd3 16. Bc7 Re8 17. Raf1 Ba6 18. c4 Nb4+ 19. Kb1 Nxa2 20. Ng3 Nb4 21. Nxf5 Bxc4 22. Re1 Bxe6 23. Nxe7+ Rxe7 24. Bg3 Bf5 25. Ka1 Nc2+ 0-1

[Event "Titled Tuesday intern op 2nd July"]
[Site "Chess.com INT"]
[Date "2019.07.02"]
[Round "8"]
[White "Martinez Alcantara, Jose Eduardo"]
[Black "Zhitnikov, Konstantin"]
[Result "1-0"]
[WhiteElo "2601"]
[BlackElo "2271"]
[PlyCount "75"]
[EventDate "2019.07.02"]
[EventType "swiss (blitz)"]
[EventRounds "10"]
[EventCountry "USA"]
[SourceTitle "EXT 2021"]
[Source "ChessBase"]
[SourceDate "2020.10.23"]
[SourceVersion "1"]
[SourceVersionDate "2020.10.23"]
[SourceQuality "1"]

1. a3 Nf6 2. h3 d5 3. b3 e5 4. Bb2 Bd6 5. e3 Bf5 6. d3 h6 7. g3 c6 8. Bg2 0-0 9. Nd2 Re8 10. Ne2 Nbd7 11. 0-0 a5 12. Kh2 Bh7 13. e4 Nc5 14. Nc3 dxe4 15. dxe4 b5 16. Re1 a4 17. b4 Ne6 18. Ne2 c5 19. c4 cxb4 20. cxb5 b3 21. Nc4 Bc5 22. Bxe5 Nxe4 23. f4 f6 24. Bb2 Rb8 25. Nc3 Nxc3 26. Bxc3 Bd3 27. Na5 Rxb5 28. Bc6 Rxa5 29. Bxa5 Qxa5 30. Qxd3 Rd8 31. Qc4 Qd2+ 32. Re2 Qd4 33. Qxe6+ Kh7 34. Be4+ Kh8 35. Rf1 b2 36. Qf5 Kg8 37. Qh7+ Kf7 38. Bg6+ 1-0

[Event "Titled Tuesday intern op 2nd July"]
[Site "Chess.com INT"]
[Date "2019.07.02"]
[Round "5"]
[White "Zhitnikov, Konstantin"]
[Black "Sztokbant, Bernardo Vainzoff"]
[Result "1-0"]
[WhiteElo "2271"]
[BlackElo "2175"]
[PlyCount "155"]
[EventDate "2019.07.02"]
[EventType "swiss (blitz)"]
[EventRounds "10"]
[EventCountry "USA"]
[SourceTitle "EXT 2021"]
[Source "ChessBase"]
[SourceDate "2020.10.23"]
[SourceVersion "1"]
[SourceVersionDate "2020.10.23"]
[SourceQuality "1"]

1. e4 c6 2. d3 d5 3. Nd2 e5 4. g3 Nf6 5. Bg2 Bc5 6. Ngf3 Nbd7 7. 0-0 0-0 8. c3 Re8 9. Qe2 Bb6 10. a4 a5 11. Rd1 Bc7 12. Nf1 Nf8 13. Ne3 Ng6 14. Qc2 Qe7 15. b3 Bb6 16. Ba3 Qc7 17. b4 axb4 18. Bxb4 h6 19. c4 Bxe3 20. fxe3 dxe4 21. dxe4 Qb6 22. Bd2 Qc5 23. Ne1 Be6 24. Bf1 Rad8 25. Nd3 Qxc4 26. Qxc4 Bxc4 27. Nf2 Bb3 28. Rdb1 Bc2 29. Ba5 Ra8 30. Rc1 Rxa5 31. Rxc2 Rea8 32. Rb1 R8a7 33. Rcb2 Rxa4 34. Rxb7 Rxb7 35. Rxb7 Nxe4 36. Bd3 Nxf2 37. Kxf2 e4 38. Be2 Ne5 39. Ke1 Ra1+ 40. Kf2 Ra2 41. Kf1 g6 42. Re7 Nf3 43. Kf2 f5 44. h4 Kf8 45. Rc7 Ne5 46. Kf1 Rc2 47. h5 gxh5 48. Bxh5 c5 49. Rh7 c4 50. Rxh6 Ke7 51. Rh7+ Kd6 52. Rh6+ Kc5 53. Rf6 c3 54. Rxf5 Kd6 55. Rf6+ Kd5 56. Bf7+ Kc5 57. Rf5 Kd6 58. Rf6+ Kc5 59. Rf5 Kd6 60. Rf6+ Kd7 61. Bd5 Nf3 62. g4 Rd2 63. Bxe4 Nh2+ 64. Ke1 Nxg4 65. Bf5+ Ke7 66. Re6+ Kf7 67. Bxg4 Rg2 68. Bf5 c2 69. Rc6 Rh2 70. Rxc2 Rh1+ 71. Kd2 Kf6 72. e4 Ke5 73. Kc3 Rh6 74. Rd2 Rc6+ 75. Kd3 Ra6 76. Ke3 Rh6 77. Rd5+ Kf6 78. Rd6+ 1-0

[Event "Titled Tuesday intern op 2nd July"]
[Site "Chess.com INT"]
[Date "2019.07.02"]
[Round "6"]
[White "Zhitnikov, Konstantin"]
[Black "Tregubov, Pavel V"]
[Result "1/2-1/2"]
[WhiteElo "2271"]
[BlackElo "2588"]
[PlyCount "159"]
[EventDate "2019.07.02"]
[EventType "swiss (blitz)"]
[EventRounds "10"]
[EventCountry "USA"]
[SourceTitle "EXT 2021"]
[Source "ChessBase"]
[SourceDate "2020.10.23"]
[SourceVersion "1"]
[SourceVersionDate "2020.10.23"]
[SourceQuality "1"]

1. e4 c5 2. Nf3 e6 3. g3 d5 4. exd5 exd5 5. d4 Nc6 6. Bg2 Bg4 7. 0-0 cxd4 8. Qe1+ Be7 9. Ne5 Nxe5 10. Qxe5 Nf6 11. Qxd4 0-0 12. Nc3 Be6 13. Bg5 h6 14. Bf4 Qa5 15. Rfd1 Rfd8 16. a3 Rac8 17. b4 Qa6 18. Bf1 Qc6 19. Be5 Qb6 20. Qxb6 axb6 21. Rac1 Ng4 22. Bd4 Bf6 23. Nb5 Bxd4 24. Nxd4 Rc3 25. Nb5 Rcc8 26. Nd4 Rc3 27. Nb5 Rcc8 28. Be2 Ne5 29. c3 Nc4 30. Bxc4 dxc4 31. Rxd8+ Rxd8 32. Nd4 Bh3 33. f3 Re8 34. Kf2 Kf8 35. Re1 Rxe1 36. Kxe1 Ke7 37. Kd2 Kd6 38. Ke3 Ke5 39. f4+ Kd5 40. Nf3 f6 41. Nd4 Bd7 42. Kf3 g5 43. fxg5 fxg5 44. h4 gxh4 45. gxh4 Ke5 46. Ke3 Bg4 47. Nb5 Bd7 48. Nd4 Bc8 49. Kf3 Bd7 50. Ne2 Bc6+ 51. Ke3 Bd5 52. Nd4 Bh1 53. a4 Bg2 54. a5 bxa5 55. bxa5 Kd5 56. Kf4 Bh3 57. Kg3 Bd7 58. Kf4 Bc8 59. Nf5 Kc5 60. Nxh6 Kb5 61. Nf5 Kxa5 62. h5 Be6 63. h6 Bg8 64. Nd4 b5 65. Ke3 b4 66. Nc6+ Kb5 67. Nxb4 Kc5 68. Nc2 Kd5 69. Nd4 Ke5 70. Nc6+ Kf6 71. Kd4 Kg5 72. Ne7 Bh7 73. Kxc4 Kxh6 74. Kd5 Kg7 75. c4 Kf8 76. Kd6 Ke8 77. c5 Be4 78. Nd5 Bxd5 79. Kxd5 Kd7 80. c6+ 1/2-1/2

[Event "Titled Tuesday intern op 2nd April"]
[Site "Chess.com INT"]
[Date "2019.04.02"]
[Round "3"]
[White "Durarbayli, Vasif"]
[Black "Zhitnikov, Konstantin"]
[Result "1-0"]
[WhiteElo "2628"]
[BlackElo "2271"]
[PlyCount "141"]
[EventDate "2019.04.02"]
[EventType "swiss (blitz)"]
[EventRounds "10"]
[EventCountry "USA"]
[SourceTitle "EXT 2021"]
[Source "ChessBase"]
[SourceDate "2020.10.23"]
[SourceVersion "1"]
[SourceVersionDate "2020.10.23"]
[SourceQuality "1"]

1. e4 c6 2. d3 d5 3. Nd2 g6 4. Ngf3 Bg7 5. Be2 Nf6 6. 0-0 0-0 7. c3 Re8 8. e5 Nfd7 9. d4 c5 10. b4 cxd4 11. cxd4 Nb6 12. a4 Bg4 13. a5 Nc8 14. Nb3 e6 15. h3 Bxf3 16. Bxf3 a6 17. Nc5 Qc7 18. Bg5 Nd7 19. Qb3 Na7 20. Rfc1 Nc6 21. Be3 Reb8 22. Be2 Qc8 23. Qa4 b5 24. axb6 Nxb6 25. Qa3 Nc4 26. Bxc4 dxc4 27. Rxc4 a5 28. bxa5 Nxa5 29. Ra4 Nc4 30. Qc3 Rxa4 31. Rxa4 Nb6 32. Ra1 Nd5 33. Qd2 Bf8 34. Ne4 Qb7 35. Bh6 Bb4 36. Qg5 Be7 37. Qd2 Qb4 38. Qxb4 Bxb4 39. Kf1 Be7 40. Ke2 Rb2+ 41. Kd3 Rb8 42. g3 Rc8 43. h4 Nb4+ 44. Ke2 Nd5 45. Ra7 Rc2+ 46. Kd3 Rc8 47. Ke2 Rc2+ 48. Kf1 Rc8 49. Kg2 Rb8 50. Kh3 Rc8 51. Rb7 Ra8 52. Kg4 Ba3 53. Kf3 Be7 54. Bg5 Bf8 55. Nf6+ Nxf6 56. Bxf6 Ra3+ 57. Ke4 Ra8 58. Rd7 Bb4 59. g4 h5 60. gxh5 gxh5 61. Rb7 Bf8 62. f4 Rc8 63. f5 Rc1 64. Rb8 Re1+ 65. Kd3 Rd1+ 66. Ke3 Re1+ 67. Kd2 Re4 68. Kd3 exf5 69. Be7 Kg7 70. Bxf8+ Kg6 71. Be7 1-0

[Event "Nezhmetdinov Memorial 40th"]
[Site "Kazan"]
[Date "2018.09.21"]
[Round "9"]
[White "Zhitnikov, Konstantin"]
[Black "Usmanov, Vasily"]
[Result "1-0"]
[WhiteElo "2247"]
[BlackElo "2470"]
[PlyCount "77"]
[EventDate "2018.09.13"]
[EventType "swiss"]
[EventRounds "9"]
[EventCountry "RUS"]
[SourceTitle "CBM 186 Extra"]
[Source "ChessBase"]
[SourceDate "2018.08.24"]
[SourceVersion "1"]
[SourceVersionDate "2018.08.24"]
[SourceQuality "1"]

1. e4 c5 2. Nf3 Nc6 3. Bb5 d6 4. 0-0 Bd7 5. Re1 a6 6. Bf1 Bg4 7. h3 Bxf3 8. Qxf3 g6 9. c3 Bg7 10. d3 Nf6 11. Be3 Nd7 12. Qd1 0-0 13. Nd2 Rc8 14. Rc1 b5 15. Nf3 Qa5 16. a3 Qb6 17. d4 cxd4 18. cxd4 Qb7 19. d5 Nce5 20. Nd4 Nc5 21. f3 Rc7 22. Bf2 Bh6 23. Rc2 Rfc8 24. b3 Ncd7 25. Rxc7 Rxc7 26. g3 b4 27. axb4 Rc1 28. Qe2 Qxb4 29. Rxc1 Bxc1 30. f4 Nf6 31. fxe5 dxe5 32. Nc6 Qxb3 33. Nxe7+ Kg7 34. Nc6 Qc3 35. Qd3 Bb2 36. Qxc3 Bxc3 37. Bd3 a5 38. Bc5 Bb2 39. Nxa5 1-0

[Event "Nezhmetdinov Memorial 40th"]
[Site "Kazan"]
[Date "2018.09.20"]
[Round "8"]
[White "Zhitnikov, Konstantin"]
[Black "Garmash, Aliona"]
[Result "1-0"]
[WhiteElo "2247"]
[BlackElo "2067"]
[PlyCount "97"]
[EventDate "2018.09.13"]
[EventType "swiss"]
[EventRounds "9"]
[EventCountry "RUS"]
[SourceTitle "CBM 186 Extra"]
[Source "ChessBase"]
[SourceDate "2018.08.24"]
[SourceVersion "1"]
[SourceVersionDate "2018.08.24"]
[SourceQuality "1"]

1. d4 d5 2. c4 c6 3. Nf3 Nf6 4. Qc2 dxc4 5. Qxc4 Bf5 6. Nc3 e6 7. g3 Be7 8. Bg2 h6 9. 0-0 0-0 10. Bf4 Nbd7 11. Rac1 Nd5 12. Rfd1 N7f6 13. Ne5 Bh7 14. a3 Rc8 15. Qa2 Nxf4 16. gxf4 Nd5 17. e3 Bd6 18. Ne4 Bxe4 19. Bxe4 Qh4 20. Bg2 Be7 21. Qb3 Rc7 22. Qd3 Nf6 23. h3 Rd8 24. b4 a6 25. Qb3 Nd5 26. Nd3 Bd6 27. Rc2 Qh5 28. Rdc1 Kh8 29. Kf1 g5 30. fxg5 Qxg5 31. Bf3 Rg8 32. Ke2 Qh4 33. a4 Qg5 34. Qb2 Qf6 35. b5 axb5 36. axb5 cxb5 37. Qxb5 Rxc2+ 38. Rxc2 Ne7 39. Qxb7 Rg5 40. Qd7 Nf5 41. Bg4 Bh2 42. Rc5 Nd6 43. Ne5 Rxe5 44. dxe5 Bxe5 45. Qc6 Bh2 46. Rc2 Kg7 47. Qg2 Qg6 48. Rc6 Be5 49. f4 1-0

[Event "Nezhmetdinov Memorial 40th"]
[Site "Kazan"]
[Date "2018.09.18"]
[Round "6"]
[White "Zhitnikov, Konstantin"]
[Black "Asatryan, Gor"]
[Result "1-0"]
[WhiteElo "2247"]
[BlackElo "2072"]
[PlyCount "71"]
[EventDate "2018.09.13"]
[EventType "swiss"]
[EventRounds "9"]
[EventCountry "RUS"]
[SourceTitle "CBM 186 Extra"]
[Source "ChessBase"]
[SourceDate "2018.08.24"]
[SourceVersion "1"]
[SourceVersionDate "2018.08.24"]
[SourceQuality "1"]

1. e4 c5 2. Nf3 e6 3. g3 Nc6 4. Bg2 Nf6 5. Qe2 d6 6. 0-0 Be7 7. c3 0-0 8. d4 cxd4 9. cxd4 d5 10. e5 Ne4 11. Be3 Qb6 12. Rd1 f6 13. exf6 Bxf6 14. Nc3 Nxc3 15. bxc3 Na5 16. Bg5 Bxg5 17. Nxg5 h6 18. Nf3 Nc4 19. Ne5 Nxe5 20. dxe5 Qc7 21. c4 Rf5 22. f4 Qc5+ 23. Kh1 Qxc4 24. Qxc4 dxc4 25. Rac1 Rf7 26. Rxc4 b5 27. Rd8+ Rf8 28. Rxf8+ Kxf8 29. Rc7 Rb8 30. Rxa7 b4 31. Be4 Kg8 32. Kg1 g5 33. Kf2 g4 34. f5 exf5 35. Bd5+ Kf8 36. e6 1-0

[Event "Nezhmetdinov Memorial 40th"]
[Site "Kazan"]
[Date "2018.09.16"]
[Round "4"]
[White "Zhitnikov, Konstantin"]
[Black "Khanin, Semen"]
[Result "1/2-1/2"]
[WhiteElo "2247"]
[BlackElo "2507"]
[PlyCount "79"]
[EventDate "2018.09.13"]
[EventType "swiss"]
[EventRounds "9"]
[EventCountry "RUS"]
[SourceTitle "CBM 186 Extra"]
[Source "ChessBase"]
[SourceDate "2018.08.24"]
[SourceVersion "1"]
[SourceVersionDate "2018.08.24"]
[SourceQuality "1"]

1. e4 e5 2. Nf3 Nc6 3. Nc3 Nf6 4. Bb5 Nd4 5. Nxd4 exd4 6. e5 dxc3 7. exf6 Qxf6 8. dxc3 Bd6 9. Qe2+ Qe7 10. Bg5 Qxe2+ 11. Bxe2 0-0 12. Be3 b6 13. Bf3 Rb8 14. 0-0-0 Re8 15. Rhe1 Bb7 16. Bxb7 Rxb7 17. Bd2 Re6 18. Rxe6 dxe6 19. Be3 f5 20. h3 Kf7 21. f3 e5 22. Kd2 Rb8 23. Ke2 Re8 24. c4 e4 25. c5 exf3+ 26. Kxf3 bxc5 27. Rd5 Ke6 28. c4 c6 29. Rd3 Re7 30. Ra3 Rb7 31. b3 g6 32. Ra6 Kd7 33. g4 fxg4+ 34. Kxg4 Be7 35. Kf3 Bd6 36. Kg4 Be7 37. Kf3 Bd6 38. Kg4 Be7 39. Kf3 Kd6 40. Kg4 1/2-1/2